|
|
|
|
| LEADER |
00000nab a2200000 a 4500 |
| 001 |
vtls000795801 |
| 003 |
SK-MaSNL |
| 005 |
20260304212348.0 |
| 008 |
150420c2000 xo 0 slo |
| 015 |
|
|
|a SNBRA2002/11-36768
|
| 035 |
|
|
|a CLN000147456
|
| 040 |
|
|
|a SNKBUCL
|b slo
|c SNKBUCL
|e AACR2
|
| 041 |
0 |
|
|a slo
|
| 044 |
|
|
|a xo
|c SK
|
| 080 |
|
|
|a 027.7(437.6):378.4(437.6):619:655.5
|2 1997
|
| 080 |
|
|
|a 655.5:378.4(437.6):619(437.6):027.2
|2 1997
|
| 080 |
|
|
|a 378.4(437.6):619(437.6):027.2
|2 1997
|
| 080 |
|
|
|a 002.6(437.6):655.5
|2 1997
|
| 100 |
1 |
|
|a Lemáková, Soňa,
|d 1948-
|4 aut
|9 175475
|
| 245 |
1 |
0 |
|a Publikačná činnosť evidovaná v ÚVIK UVL Košice
|c Soňa Lemáková - Libuša Bodnárová - Eva Sabalová
|
| 610 |
2 |
7 |
|a Univerzita veterinárskeho lekárstva v Košiciach.
|b Ústav vedeckých informácií a knižnica
|2 snkbucl
|9 33829
|
| 650 |
0 |
7 |
|a publikačná činnosť
|2 snkbucl
|9 66957
|
| 650 |
0 |
7 |
|a evidencia publikačnej činnosti
|2 snkbucl
|9 853128
|
| 651 |
|
7 |
|a Košice (Slovensko)
|2 snkbucl
|9 18694
|
| 655 |
|
7 |
|a referáty
|2 snkbucl
|9 70611
|
| 655 |
|
7 |
|a články zo zborníkov
|2 snkbucl
|9 166140
|
| 700 |
1 |
|
|a Bodnárová, Libuša,
|d 1963-
|4 aut
|9 259686
|
| 700 |
1 |
|
|a Sabolová, Eva
|4 aut
|9 604098
|
| 773 |
0 |
|
|t Bibliografický zborník 1996-1997
|d Martin : Matica slovenská, 2000
|g S. 311-313
|z 8070905093
|
| 850 |
|
|
|a Slovenská národná knižnica v Martine
|
| 852 |
|
|
|a SNK
|b KIS3GCP
|
| 856 |
4 |
1 |
|u http://www.snk.sk/swift_data/source/NBU/Zborniky/BZ_1996_97/Bib_zbor_1996_97_311_313.pdf
|
| 999 |
|
|
|c 3131102
|d 3133032
|